[Event "5. Open Memorial Pedro Lezcano 2012"]
[Site "Gran Canaria ESP"]
[Date "2012.04.05"]
[Round "4.35"]
[White "Manchon Santana, Alberto"]
[Black "Salazar De La Cruz, Jose Maria"]
[Result "1-0"]
[WhiteElo "1475"]
[BlackElo "1769"]
[PlyCount "119"]
[EventDate "2012.04.02"]
[EventType "swiss"]
[EventRounds "9"]
[EventCountry "ESP"]
[Source "lmi"]
[SourceDate "2012.04.02"]

1. d4 d5 2. c4 e6 3. Nc3 Nf6 4. cxd5 exd5 5. Bg5 Be7 6. e3 O-O 7. Qc2 c6 8. Bd3
h6 9. Bxf6 Bxf6 10. Nf3 Bg4 11. Nd2 Re8 12. O-O Nd7 13. b4 a6 14. a4 Rc8 15.
Qb3 Be6 16. Rfc1 Nb6 17. Ne2 Nd7 18. Ra2 Qe7 19. Ng3 Bh4 20. Ndf1 Qd6 21. Nf5
Bxf5 22. Bxf5 Red8 23. Bh3 Rc7 24. Nd2 Be7 25. Nf3 Qxb4 26. Qxb4 Bxb4 27. Bxd7
Rcxd7 28. Ne5 Re7 29. Nd3 Bd6 30. Rb1 Kf8 31. Rab2 Rb8 32. Nc5 Bxc5 33. dxc5
Re4 34. Rb4 f5 35. a5 Rxb4 36. Rxb4 Ke7 37. Kf1 Kd7 38. Ke2 Kc7 39. Kf3 Re8 40.
Kf4 g6 41. Kf3 g5 42. h4 Re4 43. Rxe4 dxe4+ 44. Kg3 Kd7 45. hxg5 hxg5 46. f4 g4
47. Kh4 Ke7 48. Kg5 Ke6 49. g3 Kd5 50. Kxf5 Kxc5 51. Ke5 Kb5 52. f5 c5 53. f6
c4 54. f7 Kxa5 55. f8=Q b5 56. Qa3+ Kb6 57. Kxe4 a5 58. Kd5 b4 59. Qa4 c3 60.
e4 1-0

[Event "5. Open Memorial Pedro Lezcano 2012"]
[Site "Gran Canaria ESP"]
[Date "2012.04.05"]
[Round "4.36"]
[White "Schlittermann, Wolfgang"]
[Black "Biscarri Candalia, Oscar"]
[Result "1-0"]
[WhiteElo "1751"]
[BlackElo "1515"]
[PlyCount "75"]
[EventDate "2012.04.02"]
[EventType "swiss"]
[EventRounds "9"]
[EventCountry "ESP"]
[Source "lmi"]
[SourceDate "2012.04.02"]

1. Nf3 d5 2. d4 e6 3. e3 Nf6 4. c4 Nbd7 5. cxd5 Nxd5 6. Nc3 Bb4 7. Bd2 c6 8.
Bd3 N5f6 9. O-O O-O 10. a3 Be7 11. Qc2 Re8 12. e4 Nf8 13. h3 c5 14. e5 Nd5 15.
Nxd5 exd5 16. dxc5 Qc7 17. Rac1 Be6 18. Rfe1 Rac8 19. b4 h6 20. Nd4 Bd7 21. Qb3
Ng6 22. Bxg6 fxg6 23. Qxd5+ Kh7 24. Bf4 Red8 25. Qe4 Rf8 26. Bg3 Bc6 27. Qe2
Qd7 28. Nxc6 Rxc6 29. Rcd1 Qc8 30. Qg4 Rf5 31. Qd4 Rf8 32. Qd7 Rc7 33. Qxc8
Rfxc8 34. e6 Rc6 35. Rd7 Re8 36. Rxb7 a6 37. Rb6 Rxb6 38. cxb6 1-0

[Event "5. Open Memorial Pedro Lezcano 2012"]
[Site "Gran Canaria ESP"]
[Date "2012.04.05"]
[Round "4.37"]
[White "Guerrero Ruiz, Jose Luis"]
[Black "Suarez Ramirez, Jonay"]
[Result "1/2-1/2"]
[WhiteElo "1744"]
[BlackElo "1492"]
[PlyCount "123"]
[EventDate "2012.04.02"]
[EventType "swiss"]
[EventRounds "9"]
[EventCountry "ESP"]
[Source "lmi"]
[SourceDate "2012.04.02"]

1. d4 Nf6 2. Nc3 d5 3. h3 Bf5 4. g4 Bd7 5. Bg2 e6 6. Bg5 g6 7. e4 h6 8. Bxf6
Qxf6 9. exd5 exd5 10. Nxd5 Qd6 11. Qf3 Bg7 12. O-O-O O-O 13. Qf4 Qxf4+ 14. Nxf4
Nc6 15. c3 Na5 16. b4 Nc6 17. Bd5 Kh7 18. Nf3 g5 19. Nd3 Rab8 20. Nfe5 Nxe5 21.
Nxe5 Bxe5 22. dxe5 Be6 23. Bxe6 fxe6 24. Rd7+ Kg6 25. Rf1 Rbc8 26. Kd2 Rcd8 27.
Rxd8 Rxd8+ 28. Kc2 Rd5 29. Re1 b5 30. Re2 c5 31. c4 bxc4 32. bxc5 Rxc5 33. Kc3
Rd5 34. Kxc4 h5 35. a4 hxg4 36. hxg4 Ra5 37. Kb4 Rd5 38. Re4 a6 39. Kc4 a5 40.
Kc3 Kh6 41. Re3 Kg6 42. Kc4 Kh6 43. f3 Kg6 44. Re2 Kg7 45. Rb2 Rxe5 46. Rb5 Re3
47. Rxg5+ Kf6 48. Rg8 Kf7 49. Rg5 Rxf3 50. Kb5 Rd3 51. Kxa5 Rd4 52. Kb5 Kf6 53.
Rg8 Rd5+ 54. Kb6 Rd6+ 55. Kc5 Rd5+ 56. Kc6 Ra5 57. Rf8+ Ke5 58. Rf1 Rxa4 59. g5
Rg4 60. Re1+ Kf5 61. Kd6 Rxg5 62. Rf1+ 1/2-1/2

[Event "5. Open Memorial Pedro Lezcano 2012"]
[Site "Gran Canaria ESP"]
[Date "2012.04.05"]
[Round "4.38"]
[White "Engelbrecht, Kevin P"]
[Black "Guerrero Orihuela, Jose Luis"]
[Result "1-0"]
[WhiteElo "1740"]
[BlackElo "1463"]
[PlyCount "59"]
[EventDate "2012.04.02"]
[EventType "swiss"]
[EventRounds "9"]
[EventCountry "ESP"]
[Source "lmi"]
[SourceDate "2012.04.02"]

1. e4 c5 2. Nf3 Nc6 3. Bb5 Nf6 4. Bxc6 dxc6 5. e5 Nd5 6. c4 Nb4 7. d4 cxd4 8.
a3 Qa5 9. O-O Bg4 10. Nbd2 Nd3 11. Nb3 Bxf3 12. gxf3 Qxe5 13. Qxd3 Rd8 14. Qe4
Qh5 15. Bf4 g5 16. Bg3 Qh3 17. Qg4 Qh6 18. Nxd4 Qf6 19. Rad1 h5 20. Qe4 h4 21.
Be5 Qh6 22. Bxh8 Qxh8 23. Nf5 Qxb2 24. Rxd8+ Kxd8 25. Qd4+ Qxd4 26. Nxd4 e5 27.
Nc2 b5 28. cxb5 cxb5 29. Rd1+ Kc7 30. Rd5 1-0

[Event "5. Open Memorial Pedro Lezcano 2012"]
[Site "Gran Canaria ESP"]
[Date "2012.04.05"]
[Round "4.39"]
[White "Suarez Fleitas, Alberto"]
[Black "Cruz Ramirez, Nauzet"]
[Result "0-1"]
[WhiteElo "1441"]
[BlackElo "1710"]
[PlyCount "106"]
[EventDate "2012.04.02"]
[EventType "swiss"]
[EventRounds "9"]
[EventCountry "ESP"]
[Source "lmi"]
[SourceDate "2012.04.02"]

1. e4 c5 2. Nf3 e6 3. d4 cxd4 4. Nxd4 a6 5. Bd3 d6 6. O-O Nf6 7. Bg5 Be7 8. Nc3
O-O 9. Kh1 b5 10. a3 Bb7 11. Nf3 Nbd7 12. b4 Rc8 13. Qd2 Qc7 14. Ne2 Bxe4 15.
Ned4 d5 16. Rfc1 Nb6 17. Bf4 Bd6 18. Bxd6 Qxd6 19. h3 h6 20. Qe2 Rfe8 21. Nd2
Nc4 22. N4b3 Nxd2 23. Qxd2 Bxd3 24. cxd3 Nd7 25. Rc2 e5 26. Rac1 Rxc2 27. Rxc2
d4 28. Na5 Qd5 29. Rc6 Re6 30. Qc2 Rxc6 31. Qxc6 Qxc6 32. Nxc6 f6 33. Kg1 Kf7
34. Kf1 Ke6 35. Ke2 Kd6 36. Na5 Nb6 37. Nb3 Na4 38. Kd2 f5 39. f3 Kd5 40. Nc1
Nc3 41. Kc2 g5 42. Nb3 Ne2 43. Nc5 a5 44. Na6 axb4 45. axb4 Nf4 46. Nc7+ Kc6
47. Ne8 Nxg2 48. Ng7 Ne3+ 49. Kd2 Kd7 50. Nh5 Ke6 51. Ng3 Nd5 52. Nh5 Kf7 53.
Ng3 Kg6 0-1

[Event "5. Open Memorial Pedro Lezcano 2012"]
[Site "Gran Canaria ESP"]
[Date "2012.04.05"]
[Round "4.40"]
[White "Quevedo Sarmiento, Jacinto"]
[Black "Rodriguez Manzaneda, Irene"]
[Result "0-1"]
[WhiteElo "2000"]
[BlackElo "1686"]
[PlyCount "88"]
[EventDate "2012.04.02"]
[EventType "swiss"]
[EventRounds "9"]
[EventCountry "ESP"]
[Source "lmi"]
[SourceDate "2012.04.02"]

1. d4 d5 2. c4 e6 3. Nc3 Nf6 4. Bg5 Be7 5. Nf3 O-O 6. e3 Nbd7 7. Bd3 dxc4 8.
Bxc4 a6 9. a4 c5 10. O-O cxd4 11. exd4 Nb6 12. Bb3 Qc7 13. Rc1 Qd6 14. Bxf6
Bxf6 15. Ne4 Qe7 16. a5 Nd5 17. Nxf6+ Nxf6 18. Qd3 Bd7 19. Rfd1 Bc6 20. Qe2 Qb4
21. Ba2 Qxa5 22. Bb1 Rfd8 23. Rc5 Qb6 24. Rg5 Bxf3 25. Qxf3 Rxd4 26. Rd3 Rxd3
27. Qxd3 Qxb2 28. h4 a5 29. Rb5 Qc1+ 30. Kh2 Qf4+ 31. Kg1 Qc7 32. g4 Rd8 33.
Qe2 Qc1+ 34. Kg2 Rd1 35. Bc2 Rg1+ 36. Kf3 Rxg4 37. Qe5 Qh1+ 38. Ke2 Qc6 39.
Qb8+ Ne8 40. Rc5 Qd7 41. Ba4 Qxa4 42. Rc8 Qb5+ 43. Ke3 Qb3+ 44. Ke2 Qb5+ 0-1

[Event "5. Open Memorial Pedro Lezcano 2012"]
[Site "Gran Canaria ESP"]
[Date "2012.04.05"]
[Round "4.51"]
[White "Barrera Martin, Nayra"]
[Black "Guedes Lopez, Mario"]
[Result "1/2-1/2"]
[WhiteElo "1494"]
[BlackElo "1476"]
[PlyCount "131"]
[EventDate "2012.04.02"]
[EventType "swiss"]
[EventRounds "9"]
[EventCountry "ESP"]
[Source "lmi"]
[SourceDate "2012.04.02"]

1. f4 d5 2. Nf3 Nf6 3. e3 Bf5 4. Be2 e6 5. a3 Bd6 6. Nc3 O-O 7. O-O Nbd7 8. d3
h6 9. b4 a6 10. Nd4 Bh7 11. Qd2 c5 12. bxc5 Nxc5 13. Bb2 Qa5 14. Nb3 Nxb3 15.
cxb3 Qb6 16. b4 Qd8 17. Nd1 Bf5 18. Nf2 Nd7 19. e4 Bg6 20. e5 Bc7 21. d4 f6 22.
Bd3 Bxd3 23. Qxd3 fxe5 24. fxe5 Bb6 25. Nh3 Nxe5 26. Qe2 Nc6 27. Qxe6+ Kh8 28.
Rxf8+ Qxf8 29. Rf1 Qg8 30. Qg6 Rf8 31. Nf4 Qh7 32. Qe6 Rf6 33. Qe8+ Qg8 34.
Ng6+ Kh7 35. Qxg8+ Kxg8 36. Rxf6 gxf6 37. Nf4 Ne7 38. Kf2 Kf7 39. a4 Nc6 40.
Nxd5 Bxd4+ 41. Bxd4 Nxd4 42. Ke3 Nf5+ 43. Kf4 Nd6 44. g4 Ke6 45. Nc7+ Ke7 46.
Ke3 Kd7 47. Nd5 Ke6 48. Kd4 f5 49. gxf5+ Nxf5+ 50. Kc5 Nd6 51. Nf4+ Kd7 52. Nd3
Kc7 53. h4 h5 54. Nf4 Nf5 55. Nxh5 b6+ 56. Kd5 Nxh4 57. Nf6 Nf5 58. Ne8+ Kd7
59. Nf6+ Kc7 60. Ne8+ Kd7 61. Nf6+ Kc7 62. Ne4 Ne7+ 63. Kc4 Kc6 64. Nf6 b5+ 65.
axb5+ axb5+ 66. Kd4 1/2-1/2

[Event "5. Open Memorial Pedro Lezcano 2012"]
[Site "Gran Canaria ESP"]
[Date "2012.04.05"]
[Round "5.1"]
[White "Cabrera Trujillo, Jorge"]
[Black "Del Rio De Angelis, Salvador G"]
[Result "0-1"]
[WhiteElo "2357"]
[BlackElo "2533"]
[PlyCount "59"]
[EventDate "2012.04.02"]
[EventType "swiss"]
[EventRounds "9"]
[EventCountry "ESP"]
[Source "lmi"]
[SourceDate "2012.04.02"]

1. e4 d6 2. d4 Nf6 3. Nc3 g6 4. f4 Bg7 5. Nf3 c5 6. Bb5+ Nc6 7. d5 a6 8. Be2
Na7 9. O-O O-O 10. a4 Rb8 11. f5 b5 12. Qe1 b4 13. Nd1 Nxe4 14. Bd3 gxf5 15.
Ng5 e6 16. Bxe4 fxe4 17. Nxe4 f5 18. Bg5 Qd7 19. Qg3 fxe4 20. Rxf8+ Kxf8 21.
Ne3 e5 22. Rf1+ Kg8 23. Bh6 Qe7 24. Rf5 Bxf5 25. Nxf5 Qf6 26. Nxg7 Qg6 27. Qh3
Rf8 28. Ne6 Rf5 29. Qh4 Qf6 30. h3 0-1

[Event "5. Open Memorial Pedro Lezcano 2012"]
[Site "Gran Canaria ESP"]
[Date "2012.04.05"]
[Round "5.2"]
[White "Gutierrez Olivares, Daniel"]
[Black "Vera Gonzalez-Quevedo, Reynaldo"]
[Result "1/2-1/2"]
[WhiteElo "2281"]
[BlackElo "2482"]
[PlyCount "36"]
[EventDate "2012.04.02"]
[EventType "swiss"]
[EventRounds "9"]
[EventCountry "ESP"]
[Source "lmi"]
[SourceDate "2012.04.02"]

1. c4 Nf6 2. Nf3 e6 3. g3 d5 4. Bg2 Be7 5. b3 O-O 6. Bb2 b6 7. O-O Bb7 8. e3
Nbd7 9. Nc3 c5 10. Qe2 Rc8 11. Rfd1 Qc7 12. Rac1 dxc4 13. bxc4 Rfd8 14. d3 a6
15. Rd2 Bc6 16. a4 Qb7 17. e4 Bf8 18. Ba1 Qa8 1/2-1/2

[Event "5. Open Memorial Pedro Lezcano 2012"]
[Site "Gran Canaria ESP"]
[Date "2012.04.05"]
[Round "5.3"]
[White "Barlov, Dragan"]
[Black "Bressac, Stephane"]
[Result "1-0"]
[WhiteElo "2443"]
[BlackElo "2243"]
[PlyCount "47"]
[EventDate "2012.04.02"]
[EventType "swiss"]
[EventRounds "9"]
[EventCountry "ESP"]
[Source "lmi"]
[SourceDate "2012.04.02"]

1. d4 Nf6 2. c4 c5 3. d5 b5 4. Qc2 g6 5. e4 Bg7 6. Nf3 O-O 7. Bd3 Bb7 8. O-O e6
9. Nc3 exd5 10. exd5 bxc4 11. Bxc4 d6 12. Bf4 Nh5 13. Bg5 Qb6 14. Rfe1 h6 15.
Be7 Re8 16. Nb5 Bf8 17. Nxd6 Rxe7 18. Rxe7 Bxe7 19. Nxb7 Qxb7 20. d6 Nf4 21.
dxe7 Qxe7 22. Re1 Qb7 23. Re8+ Kh7 24. Qc3 1-0

[Event "5. Open Memorial Pedro Lezcano 2012"]
[Site "Gran Canaria ESP"]
[Date "2012.04.05"]
[Round "5.5"]
[White "Kurajica, Bojan"]
[Black "Gonzalez Diaz, Julio"]
[Result "1-0"]
[WhiteElo "2548"]
[BlackElo "2232"]
[PlyCount "105"]
[EventDate "2012.04.02"]
[EventType "swiss"]
[EventRounds "9"]
[EventCountry "ESP"]
[Source "lmi"]
[SourceDate "2012.04.02"]

1. Nf3 d6 2. d4 g6 3. g3 Bg7 4. Bg2 Nd7 5. O-O e5 6. c4 Ne7 7. Nc3 O-O 8. h3
exd4 9. Nxd4 Ne5 10. b3 N7c6 11. Nxc6 Nxc6 12. Bb2 Be6 13. Qd2 f5 14. f4 a5 15.
Rfe1 Qf6 16. e3 h6 17. Kh2 Kh7 18. Rad1 Rfe8 19. Re2 Qf7 20. Rc1 Re7 21. a3
Rae8 22. Rce1 Ra8 23. Bd5 Rae8 24. Bg2 Ra8 25. Qd1 Rae8 26. Qd3 Ra8 27. Bc1
Ree8 28. Nd5 Rab8 29. Bd2 b6 30. b4 axb4 31. axb4 Rbc8 32. Bc3 Ne7 33. Bxg7
Qxg7 34. e4 fxe4 35. Bxe4 Nxd5 36. cxd5 Bf7 37. f5 Re5 38. fxg6+ Bxg6 39. Bxg6+
Qxg6 40. Qxg6+ Kxg6 41. Rxe5 dxe5 42. Rxe5 Ra8 43. Re6+ Kh5 44. h4 Kg4 45. Rg6+
Kh5 46. Rg7 Ra3 47. Rxc7 Rd3 48. Kh3 Rd4 49. Rc6 Rd3 50. d6 Rb3 51. d7 Rd3 52.
d8=Q Rxd8 53. g4# 1-0

[Event "5. Open Memorial Pedro Lezcano 2012"]
[Site "Gran Canaria ESP"]
[Date "2012.04.05"]
[Round "5.6"]
[White "Herraiz Hidalgo, Herminio"]
[Black "Leon Varela, Luis"]
[Result "1-0"]
[WhiteElo "2485"]
[BlackElo "2190"]
[PlyCount "93"]
[EventDate "2012.04.02"]
[EventType "swiss"]
[EventRounds "9"]
[EventCountry "ESP"]
[Source "lmi"]
[SourceDate "2012.04.02"]

1. d4 d5 2. c4 c6 3. Nf3 Nf6 4. e3 Bg4 5. h3 Bh5 6. Nc3 e6 7. g4 Bg6 8. Ne5
Nbd7 9. Nxg6 hxg6 10. Bd2 g5 11. cxd5 exd5 12. Bd3 Bb4 13. Qe2 Qe7 14. f3 O-O-O
15. O-O-O Kb8 16. Kb1 Nb6 17. a3 Bxc3 18. Bxc3 Rde8 19. Rde1 Qc7 20. Bd2 Qg3
21. Rd1 Qc7 22. Be1 Qe7 23. Bg3+ Ka8 24. Rde1 c5 25. dxc5 Qxc5 26. Bf2 Qa5 27.
Rd1 Rc8 28. Be1 Qa4 29. Bb5 Qb3 30. Qd3 Qxd3+ 31. Bxd3 Nfd7 32. Bf5 Rcd8 33.
Bc3 f6 34. f4 Rhe8 35. fxg5 fxg5 36. Bxg7 Rxe3 37. Bh6 Rh8 38. Bxg5 Rexh3 39.
Rxh3 Rxh3 40. Re1 a5 41. Re6 Ka7 42. Be3 a4 43. Bd4 Ka6 44. Rd6 Kb5 45. Bxd7+
Nxd7 46. Rxd7 Kc4 47. Bf6 1-0

[Event "5. Open Memorial Pedro Lezcano 2012"]
[Site "Gran Canaria ESP"]
[Date "2012.04.05"]
[Round "5.7"]
[White "Reinaldo Castineira, Roi"]
[Black "Acosta Sosa, Juan Manuel"]
[Result "1-0"]
[WhiteElo "2470"]
[BlackElo "2141"]
[PlyCount "191"]
[EventDate "2012.04.02"]
[EventType "swiss"]
[EventRounds "9"]
[EventCountry "ESP"]
[Source "lmi"]
[SourceDate "2012.04.02"]

1. Nf3 d5 2. c4 c6 3. d4 Nf6 4. e3 a6 5. Nc3 b5 6. b3 Bg4 7. h3 Bh5 8. g4 Bg6
9. Ne5 e6 10. c5 Nfd7 11. Nxg6 hxg6 12. b4 a5 13. bxa5 Rxa5 14. a4 bxa4 15. Bd2
Be7 16. Rxa4 Rxa4 17. Qxa4 f5 18. Ne2 Kf7 19. Nf4 g5 20. Nd3 fxg4 21. Qd1 Rh4
22. hxg4 Rxh1 23. Qf3+ Bf6 24. Qxh1 Nf8 25. Qh5+ Kg8 26. Qh2 Nbd7 27. Qd6 Qa8
28. Nb4 Qa1+ 29. Ke2 Bxd4 30. exd4 Qxd4 31. Nd3 Qxg4+ 32. f3 Qf5 33. Qg3 g4 34.
Qxg4 Qxg4 35. fxg4 e5 36. Nb4 Nxc5 37. Nxc6 Ng6 38. Bg2 e4 39. Ke3 Kf7 40. Bc3
Nd7 41. Bf1 Nf6 42. Bg2 Nf8 43. Nd4 N8d7 44. Kf4 Nc5 45. Nf5 Nd3+ 46. Ke3 Kg6
47. Bd2 Kf7 48. Nd4 Nc5 49. Bb4 Ncd7 50. Kf4 Nf8 51. Bxf8 Kxf8 52. g5 Nd7 53.
Bh3 Nb6 54. Be6 Ke7 55. Ke5 e3 56. Nf5+ Kf8 57. Nxe3 Na4 58. Nxd5 Nc5 59. Nf4
Ke7 60. Bd5 Nd7+ 61. Kf5 Kd6 62. Ba2 Ne5 63. Bd5 Nd7 64. Bg2 Nf8 65. Nd3 Nh7
66. Kg6 Nxg5 67. Kxg5 Ke6 68. Be4 Kf7 69. Nf4 Ke7 70. Kf5 Kd6 71. Nd3 Ke7 72.
Ke5 Kf7 73. Bd5+ Ke7 74. Be6 Kf8 75. Nf4 Ke7 76. Ng6+ Ke8 77. Kd6 Kd8 78. Ne5
Ke8 79. Bf7+ Kd8 80. Bh5 Kc8 81. Bf3 g5 82. Nf7 Kb8 83. Nxg5 Ka7 84. Kc5 Ka6
85. Ne6 Ka5 86. Bc6 Ka6 87. Nd4 Ka5 88. Nb3+ Ka6 89. Be4 Ka7 90. Kc6 Ka6 91.
Bd3+ Ka7 92. Kc7 Ka8 93. Nc5 Ka7 94. Ne4 Ka8 95. Nd6 Ka7 96. Nc8+ 1-0

[Event "5. Open Memorial Pedro Lezcano 2012"]
[Site "Gran Canaria ESP"]
[Date "2012.04.05"]
[Round "5.8"]
[White "Garcia Blanco, Omar"]
[Black "Recuero Guerra, David"]
[Result "0-1"]
[WhiteElo "2205"]
[BlackElo "2467"]
[PlyCount "78"]
[EventDate "2012.04.02"]
[EventType "swiss"]
[EventRounds "9"]
[EventCountry "ESP"]
[Source "lmi"]
[SourceDate "2012.04.02"]

1. e4 e5 2. Nf3 Nc6 3. Bc4 Nf6 4. d3 Bc5 5. Bb3 d6 6. c3 O-O 7. Nbd2 a6 8. h3
Ba7 9. Nf1 h6 10. Ng3 Be6 11. O-O Re8 12. Nh2 Qd7 13. Kh1 d5 14. Qf3 dxe4 15.
dxe4 Bxb3 16. axb3 Qe6 17. Nf5 Ne7 18. g4 Nxf5 19. gxf5 Qxb3 20. Ng4 Nxg4 21.
Qxg4 Qb6 22. Rg1 Qf6 23. Qh5 Kf8 24. Rg2 Rad8 25. b3 Ke7 26. Qg4 Rg8 27. f4 Kd7
28. fxe5 Qxe5 29. f6+ Kc6 30. Bf4 Qxf6 31. e5 Qe6 32. Qg3 Kd7 33. Rd1+ Kc8 34.
Rxd8+ Rxd8 35. Qg4 g5 36. Bd2 Rd3 37. Kh2 Qxg4 38. hxg4 Kd7 39. Re2 Ke6 0-1

[Event "5. Open Memorial Pedro Lezcano 2012"]
[Site "Gran Canaria ESP"]
[Date "2012.04.05"]
[Round "5.9"]
[White "Martin Hernandez, Ruben"]
[Black "Larino Nieto, David"]
[Result "0-1"]
[WhiteElo "2182"]
[BlackElo "2442"]
[PlyCount "112"]
[EventDate "2012.04.02"]
[EventType "swiss"]
[EventRounds "9"]
[EventCountry "ESP"]
[Source "lmi"]
[SourceDate "2012.04.02"]

1. e4 c6 2. Nc3 d5 3. Qe2 d4 4. Nd1 e5 5. g3 h5 6. h4 Bg4 7. f3 Be6 8. Bh3 Qd7
9. d3 Bb4+ 10. Bd2 Bxd2+ 11. Qxd2 f6 12. Nf2 Na6 13. f4 O-O-O 14. Nf3 Bxh3 15.
Rxh3 Nh6 16. O-O-O Ng4 17. Rhh1 Ne3 18. Rdg1 c5 19. Qa5 Kb8 20. a3 Rc8 21. b3
c4 22. dxc4 Nc5 23. Ne1 b6 24. Qb4 Qb7 25. Ned3 Nxe4 26. Nxe4 Qxe4 27. fxe5 Rc6
28. exf6 Rxf6 29. Rh2 Rhf8 30. Re1 Qg6 31. c5 Rd8 32. cxb6 Rxb6 33. Qe7 Re8 34.
Qd7 Rd6 35. Qb5+ Ka8 36. Nf4 Qe4 37. Rd2 Rc8 38. Qd3 Qe5 39. Ne2 Rc3 40. Qh7
Qa5 41. Nxc3 Qxc3 42. Qe4+ Kb8 43. Qe8+ Kc7 44. Qe7+ Rd7 45. Qe5+ Kb7 46. Qe4+
Rd5 47. Kb1 Qxd2 48. Qe7+ Kc6 49. Qe6+ Kc7 50. Qe7+ Rd7 51. Qc5+ Kb7 52. Qb5+
Kc8 53. Qc6+ Kd8 54. Qa8+ Ke7 55. Qe4+ Kf7 56. Qf3+ Kg8 0-1

[Event "5. Open Memorial Pedro Lezcano 2012"]
[Site "Gran Canaria ESP"]
[Date "2012.04.05"]
[Round "5.10"]
[White "Gergacz, Attila"]
[Black "Rodriguez Ferraz, Borja"]
[Result "1/2-1/2"]
[WhiteElo "2432"]
[BlackElo "2149"]
[PlyCount "47"]
[EventDate "2012.04.02"]
[EventType "swiss"]
[EventRounds "9"]
[EventCountry "ESP"]
[Source "lmi"]
[SourceDate "2012.04.02"]

1. e4 e5 2. Nf3 Nc6 3. Bc4 Nf6 4. Ng5 d5 5. exd5 Na5 6. Bb5+ c6 7. dxc6 bxc6 8.
Qf3 Be7 9. Nc3 O-O 10. Bd3 Rb8 11. Bf5 h6 12. Bxc8 Qxc8 13. Nge4 Nd5 14. d3 f5
15. Nxd5 cxd5 16. Nc3 e4 17. dxe4 dxe4 18. Qg3 Qa6 19. Qe3 Bg5 20. Qe2 Qxe2+
21. Kxe2 Bxc1 22. Rhxc1 Rxb2 23. Nd1 Rb5 24. Rcb1 1/2-1/2

[Event "5. Open Memorial Pedro Lezcano 2012"]
[Site "Gran Canaria ESP"]
[Date "2012.04.05"]
[Round "5.11"]
[White "Navarro Molina, David"]
[Black "Fernandez Garcia, Jose Luis"]
[Result "0-1"]
[WhiteElo "2168"]
[BlackElo "2414"]
[PlyCount "80"]
[EventDate "2012.04.02"]
[EventType "swiss"]
[EventRounds "9"]
[EventCountry "ESP"]
[Source "lmi"]
[SourceDate "2012.04.02"]

1. d4 Nf6 2. c4 e6 3. Nf3 c5 4. d5 b5 5. Bg5 Qa5+ 6. Qd2 Qxd2+ 7. Nbxd2 bxc4 8.
e4 Bb7 9. Bxf6 gxf6 10. Bxc4 Na6 11. Nf1 Rg8 12. Ne3 Bh6 13. g3 Bxe3 14. fxe3
Nb4 15. Kf2 Rg4 16. Nd2 exd5 17. h3 Rg5 18. exd5 Bxd5 19. Bxd5 Rxd5 20. Ne4 Ke7
21. Rhd1 Re5 22. Kf3 c4 23. Nd6 Nc2 24. Rac1 Nxe3 25. Rd4 Nf5 26. Nxf5+ Rxf5+
27. Kg4 Rg5+ 28. Kf4 d5 29. b3 cxb3 30. axb3 Rb8 31. Rc7+ Kf8 32. b4 Re8 33.
Rxa7 Re1 34. g4 h5 35. b5 Rb1 36. Rb7 Rb3 37. b6 Rxh3 38. gxh5 Kg7 39. Rd7
Rgxh5 40. Rxf7+ Kxf7 0-1

[Event "5. Open Memorial Pedro Lezcano 2012"]
[Site "Gran Canaria ESP"]
[Date "2012.04.05"]
[Round "5.12"]
[White "Pataki, Gyozo"]
[Black "Lopez Colon, Francisco"]
[Result "1-0"]
[WhiteElo "2357"]
[BlackElo "2106"]
[PlyCount "127"]
[EventDate "2012.04.02"]
[EventType "swiss"]
[EventRounds "9"]
[EventCountry "ESP"]
[Source "lmi"]
[SourceDate "2012.04.02"]

1. d4 g6 2. c4 Bg7 3. e4 d6 4. Nc3 Nd7 5. Be3 c5 6. Nge2 Ngf6 7. f3 O-O 8. Qd2
Qa5 9. Nc1 cxd4 10. Bxd4 Nc5 11. Rb1 Ne6 12. Be3 Bd7 13. Nb3 Qd8 14. Be2 Bc6
15. O-O Qd7 16. Rfd1 Rfd8 17. Bf1 Ba4 18. Qf2 b6 19. Rdc1 Bc6 20. Nd5 Ne8 21.
Nd2 Rab8 22. b4 Kf8 23. Nb3 Rdc8 24. Qh4 h5 25. Qf2 Nf6 26. Rc2 Ba4 27. Rbc1
Qb7 28. h3 Ne8 29. f4 Nf6 30. Bd3 Kg8 31. Rf1 Nxd5 32. exd5 Nf8 33. f5 Be8 34.
fxg6 fxg6 35. Bd4 e5 36. dxe6 Nxe6 37. Bxg7 Qxg7 38. Re2 Bd7 39. Qg3 Rf8 40.
Ref2 Rxf2 41. Rxf2 Rf8 42. Qxg6 Rxf2 43. Kxf2 Nf4 44. Qxg7+ Kxg7 45. Bf1 Bf5
46. Nd4 Bd3 47. Ne6+ Nxe6 48. Bxd3 Nf4 49. Bf1 Kf6 50. g3 Ng6 51. Ke3 h4 52.
Bd3 Ne5 53. gxh4 a5 54. b5 Ke6 55. h5 Nf7 56. Kf4 Kf6 57. Be2 Nh6 58. Bg4 Nf7
59. Ke4 Kg5 60. Kd5 Kf4 61. Kc6 Ne5+ 62. Kxb6 Nxc4+ 63. Kc6 Kg5 64. b6 1-0

[Event "5. Open Memorial Pedro Lezcano 2012"]
[Site "Gran Canaria ESP"]
[Date "2012.04.05"]
[Round "5.13"]
[White "Molina Rodriguez, Borja"]
[Black "Hernando Rodrigo, Jose Maria"]
[Result "0-1"]
[WhiteElo "2141"]
[BlackElo "2326"]
[PlyCount "80"]
[EventDate "2012.04.02"]
[EventType "swiss"]
[EventRounds "9"]
[EventCountry "ESP"]
[Source "lmi"]
[SourceDate "2012.04.02"]

1. e4 d5 2. exd5 Qxd5 3. Nc3 Qa5 4. d4 Nf6 5. Nf3 Bg4 6. h3 Bh5 7. g4 Bg6 8.
Ne5 e6 9. Bg2 c6 10. h4 Nbd7 11. Nxd7 Kxd7 12. h5 Be4 13. Bxe4 Nxe4 14. Qf3
Nxc3 15. bxc3 Qd5 16. Rh3 Be7 17. a4 Rhf8 18. Ba3 Bxa3 19. Rxa3 f5 20. Qe2 fxg4
21. Re3 Qxh5 22. c4 Qh2 23. Rxe6 Qxf2+ 24. Qxf2 Rxf2 25. Rg6 Rf7 26. Rxg4 h5
27. Rg5 Re8+ 28. Kd1 Re4 29. Rd3 h4 30. c5 Ke7 31. d5 Rf1+ 32. Kd2 Kf6 33. Rh5
cxd5 34. Rdxd5 Rxa4 35. Rd6+ Kf7 36. Rd7+ Kg6 37. Rh8 Rf7 38. Rxf7 Kxf7 39. Rb8
Rd4+ 40. Ke3 Rd7 0-1

[Event "5. Open Memorial Pedro Lezcano 2012"]
[Site "Gran Canaria ESP"]
[Date "2012.04.05"]
[Round "5.14"]
[White "Lopez Pereyra, Antonio"]
[Black "Joie, Sebastien"]
[Result "0-1"]
[WhiteElo "2125"]
[BlackElo "2320"]
[PlyCount "64"]
[EventDate "2012.04.02"]
[EventType "swiss"]
[EventRounds "9"]
[EventCountry "ESP"]
[Source "lmi"]
[SourceDate "2012.04.02"]

1. e4 e5 2. f4 exf4 3. Nf3 Be7 4. Bc4 Nf6 5. Nc3 Nxe4 6. Bxf7+ Kxf7 7. Nxe4 Rf8
8. h4 d5 9. Nf2 Kg8 10. d4 Nc6 11. c3 Qd6 12. b4 Bf5 13. a4 Rae8 14. Kf1 Be4
15. a5 a6 16. Nd3 Qg6 17. Nf2 Qh5 18. Ra2 Bd6 19. b5 axb5 20. Qb3 Bxf3 21. gxf3
Qxf3 22. Rh3 Qh5 23. Qxb5 f3 24. a6 Qg6 25. Qxd5+ Kh8 26. Qg5 Qe6 27. Qd2 Bf4
28. d5 Qg6 29. Rxf3 Bxd2 30. Rxf8+ Rxf8 31. Rxd2 Ne5 32. axb7 Qb1 0-1

[Event "5. Open Memorial Pedro Lezcano 2012"]
[Site "Gran Canaria ESP"]
[Date "2012.04.05"]
[Round "5.15"]
[White "Sanchez Quintero, Raul"]
[Black "De La Cruz Sanchez, Carlos G"]
[Result "1/2-1/2"]
[WhiteElo "2084"]
[BlackElo "2288"]
[PlyCount "138"]
[EventDate "2012.04.02"]
[EventType "swiss"]
[EventRounds "9"]
[EventCountry "ESP"]
[Source "lmi"]
[SourceDate "2012.04.02"]

1. e4 e6 2. d4 d5 3. Nc3 Nf6 4. e5 Nfd7 5. Nce2 c5 6. c3 Nc6 7. Nf3 Qa5 8. a3
cxd4 9. b4 Qb6 10. cxd4 a5 11. b5 Qxb5 12. Nc3 Qb6 13. Rb1 Qd8 14. Bb5 Be7 15.
h4 f6 16. exf6 Nxf6 17. O-O O-O 18. Re1 h6 19. Qd3 Bd7 20. Bxh6 Qe8 21. Bc1 Qh5
22. Bxc6 bxc6 23. Ne5 Bd6 24. Nxd7 Nxd7 25. Qh3 Rae8 26. Rxe6 Qf7 27. Rxd6
Qxf2+ 28. Kh2 Re1 29. Ne2 Nf6 30. Be3 Qxe2 31. Qe6+ Kh8 32. Rxe1 Qxe1 33. Bg5
Ne4 34. Qe5 Qf2 35. Rh6+ Kg8 36. Rxc6 Nd2 37. Qe6+ Kh8 38. Bxd2 Qxd2 39. Qxd5
Qf4+ 40. Kh3 Qe3+ 41. g3 Qe2 42. Rc1 Qe3 43. Rc5 Qxa3 44. Rxa5 Qd3 45. Ra1 Qc3
46. Ra8 Rxa8 47. Qxa8+ Kh7 48. Qe4+ Kh8 49. d5 Qc1 50. Qe5 Qf1+ 51. Kg4 Qd1+
52. Kg5 Qc1+ 53. Kf5 Qc2+ 54. Ke6 Qc8+ 55. Ke7 Qb7+ 56. Kf8 Qc8+ 57. Qe8 Qf5+
58. Ke7+ Kh7 59. Qf7 Qe5+ 60. Kd7 Qxg3 61. h5 Qg4+ 62. Kd8 Qg5+ 63. Kc7 Qg3+
64. d6 Qc3+ 65. Kd8 Qc5 66. Qg6+ Kh8 67. d7 Qa5+ 68. Ke7 Qc5+ 69. Ke8 Qf8+
1/2-1/2